| 000 | 00378 a2200157 4500 | ||
|---|---|---|---|
| 001 | 177294 | ||
| 020 | _a | ||
| 040 | _cMagnum | ||
| 100 | _aMota, Carlos Guilherme | ||
| 240 | 1 | 0 |
_aHistoria e civilizacao: o brasil colonial _lpor |
| 245 | 1 | 0 | _aHistoria e civilizacao: o brasil colonial |
| 362 | 0 | _a1899 | |
| 440 | 1 | _aÁtica | |
| 697 | _aMAGNITO: PARADIDATICO | ||
| 942 | _cBK | ||
| 999 |
_c177294 _d177294 |
||